[Event "Seville-ch (Women)/U18"]
[Site "Seville"]
[Date "2024.09.22"]
[Round "3"]
[White "Lopez Cueto, Julio"]
[Black "Ordonez Torres, Maria del Carmen"]
[Result "1-0"]
[WhiteElo "1913"]
[BlackElo "2068"]
[PlyCount "93"]
[EventDate "2024.09.08"]
[EventType "swiss"]
[EventRounds "8"]
[EventCountry "ESP"]
[SourceTitle "EXT 2025"]
[Source "ChessBase"]
[SourceDate "2024.10.14"]
[SourceVersion "1"]
[SourceVersionDate "2024.10.14"]
[SourceQuality "1"]

1. e4 e5 2. Nf3 Nc6 3. d4 exd4 4. Nxd4 Bc5 5. Be3 Qf6 6. c3 Qg6 7. Qd3 Nf6 8. Nxc6 Bxe3 9. Ne5 Qh5 10. Qxe3 Qxe5 11. Bd3 d5 12. f4 Qe7 13. e5 Ng4 14. Qg3 h5 15. h3 h4 16. Qf3 Nf6 17. Nd2 Bd7 18. 0-0-0 Nh5 19. e6 Bc6 20. exf7+ Qxf7 21. Rhe1+ Kd8 22. f5 Kc8 23. Nb3 d4 24. Be4 dxc3 25. Bxc6 cxb2+ 26. Kb1 bxc6 27. Qxc6 Qxf5+ 28. Re4 Rb8 29. Qa6+ Rb7 30. Nc5 Qxe4+ 31. Nxe4 Rh6 32. Rd8+ Kxd8 33. Qxb7 Nf4 34. Qxa7 Rb6 35. Nd2 g5 36. Nc4 Re6 37. Qb8+ Kd7 38. Qb5+ c6 39. Qxg5 Nd3 40. Nxb2 Nb4 41. Qxh4 c5 42. a3 Nd5 43. Nd3 Rb6+ 44. Kc2 c4 45. Ne5+ Ke6 46. Nxc4 Rc6 47. Qe4+ 1-0